| Tag |
First Indicator |
Second Indicator |
Subfields |
| LEADER |
00000cam a2200000 4500 |
| 001 |
in00000184513 |
| 005 |
20151009050752.0 |
| 008 |
700713s1970 nyu 00110 eng d |
| 010 |
|
|
|a 78108262
|
| 019 |
|
|
|a 2043254
|a 2561775
|
| 035 |
|
|
|a (OCoLC)00085145
|
| 035 |
|
|
|9 AAV1185AM
|
| 037 |
|
|
|c 6.95
|
| 040 |
|
|
|a DLC
|c DLC
|d TXA
|d UtOrBLW
|
| 049 |
|
|
|a TXAF
|c [1232544]
|
| 050 |
0 |
0 |
|a LB2337.4
|b .P76 1970
|
| 082 |
0 |
|
|a 378.3
|
| 090 |
|
|
|a LB2338
|b .P73
|
| 100 |
1 |
|
|a Proia, Nicholas C.
|
| 245 |
1 |
0 |
|a Barron's handbook of junior and community college financial aid /
|c by Nicholas C. Proia [and] Vincent M. Di Gaspari.
|
| 264 |
|
1 |
|a Woodbury, N.Y. :
|b Barron's Educational Series,
|c [1970]
|
| 300 |
|
|
|a 697 pages ;
|c 28 cm.
|
| 336 |
|
|
|a text
|b txt
|2 rdacontent
|
| 337 |
|
|
|a unmediated
|b n
|2 rdamedia
|
| 338 |
|
|
|a volume
|b nc
|2 rdacarrier
|
| 650 |
|
0 |
|a Student aid
|z United States.
|
| 650 |
|
0 |
|a Community colleges
|z United States.
|
| 700 |
1 |
|
|a Di Gaspari, Vincent M.
|
| 740 |
0 |
|
|a Handbook of junior and community college financial aid.
|
| 999 |
|
|
|a MARS
|
| 999 |
f |
f |
|s 578695fa-e19f-3a77-822e-cb8cb4648c20
|i a5393e1f-f34b-34db-919a-acd09d56c5d1
|t 0
|
| 952 |
f |
f |
|p normal
|a Texas A&M University
|b College Station
|c Sterling C. Evans Library
|d Evans: Library Stacks
|t 0
|e LB2338 .P73
|h Library of Congress classification
|i unmediated -- volume
|m A14805878390
|
| 998 |
f |
f |
|a LB2338 .P73
|t 0
|l Evans: Library Stacks
|